The humanistic tradition

Contents: Prehistory to the modern world; The early modern world to the present; The European Renaissance, the Reformation and global encounter; Faith, reason, and power in the early modern world; Romanticism, realism, and the nineteenth-century world; Modernism, globalism, and the information age.

Gardado en:
Detalles Bibliográficos
Autor Principal: Fiero, Gloria K.
Formato: Libro
Idioma:Undetermined
Publicado: Boston McGraw Hill 2006
Những chủ đề:
Các nhãn: Engadir etiqueta
Sen Etiquetas, Sexa o primeiro en etiquetar este rexistro!
Thư viện lưu trữ: Trung tâm Học liệu Trường Đại học Cần Thơ
LEADER 00842nam a2200205Ia 4500
001 CTU_189580
008 210402s9999 xx 000 0 und d
082 |a 909.09821 
082 |b F465/B.1 
100 |a Fiero, Gloria K. 
245 4 |a The humanistic tradition 
245 0 |c Gloria K. Fiero 
260 |a Boston 
260 |b McGraw Hill 
260 |c 2006 
520 |a Contents: Prehistory to the modern world; The early modern world to the present; The European Renaissance, the Reformation and global encounter; Faith, reason, and power in the early modern world; Romanticism, realism, and the nineteenth-century world; Modernism, globalism, and the information age. 
650 |a Humanism,Chủ nghĩa nhân văn 
650 |x History,Lịch sử 
904 |i Giang 
980 |a Trung tâm Học liệu Trường Đại học Cần Thơ